01015nam a22002657a 45000010005000000030006000050050017000110080041000280200018000690400029000870500016001160820010001321000030001422450042001722600051002143000044002655050007003095200192003165210021005085210018005296500030005479420015005779990015005929520142006079509FISKH20260116081818.0260116b cb ||||| |||| 00| 0 eng d a9781404256477 aFISKHbengcFISKHdFISKH aPE1119.O366 a428.6 aO'Donnell, Kerri eAuthor aWhose hat is that? /cKerri O'Donnell aNew York :bThe Rosen Publishing Group ,c2006 a8 pages :bcolor illustrations ;c21 cm aA  aFeaturing high-frequency words, pictures that are tightly correlated to the text, and a charming story, this leveled fiction reader will help emerging readers built early literacy skills.8 a10 bLexile BR 8 aA bRaz-Plus  aNon-fictionvEarly reader 2ddccBKn0 c9509d9509 00102ddc40708NFICa002b002cTTP Dark Greend2026-01-16l0oODO 428.6 PE1119.O366pFISTK02869r2026-01-16 08:18:16t1w2026-01-16yBK